| 000 | 00502nam a2200205Ia 4500 | ||
|---|---|---|---|
| 008 | 170918s9999 xx 000 0 und d | ||
| 020 | _a9780531260319 | ||
| 050 | _bG795 2011 | ||
| 100 | _aGreen, Emily K. | ||
| 245 | _aLearning about the earth mountains / | ||
| 245 | _cEmily K. Green. | ||
| 260 | _aNew York : | ||
| 260 | _bScholastic, | ||
| 260 | _c2011 | ||
| 300 | _a24 pages : | ||
| 300 | _bcolored illustration ; | ||
| 300 | _c23cm. | ||
| 440 | _aBlastoff! Readers. | ||
| 500 | _a480 | ||
| 999 |
_c341394 _d341394 |
||